Eastern Utah Libraries Catalog: Duchesne, Heber, Roosevelt, & Vernal

The library of broken worlds / (Record no. 385437)

MARC details
000 -LEADER
fixed length control field 02227cam a22005178i 4500
001 - CONTROL NUMBER
control field 22924739
005 - DATE AND TIME OF LATEST TRANSACTION
control field 20230622173147.0
008 - FIXED-LENGTH DATA ELEMENTS--GENERAL INFORMATION
fixed length control field 230110t20232023nyu d 000 1 eng
010 ## - LIBRARY OF CONGRESS CONTROL NUMBER
LC control number 2023000424
020 ## - INTERNATIONAL STANDARD BOOK NUMBER
International Standard Book Number 9781338290622
Qualifying information (hardcover)
020 ## - INTERNATIONAL STANDARD BOOK NUMBER
Cancelled/invalid ISBN 9781338290646
Qualifying information (ebk)
040 ## - CATALOGING SOURCE
Original cataloging agency NJQ/DLC
Language of cataloging eng
Description conventions rda
Transcribing agency DLC
042 ## - AUTHENTICATION CODE
Authentication code pcc
-- cyac
050 00 - LIBRARY OF CONGRESS CALL NUMBER
Classification number PZ7.J6267
Item number Li 2023
082 04 - DEWEY DECIMAL CLASSIFICATION NUMBER
Classification number 813.6
-- Fic
Edition number 23/eng/20230110
084 ## - OTHER CLASSIFICATION NUMBER
Classification number YAF056000
-- YAF014000
Source of number bisacsh
092 ## - LOCALLY ASSIGNED DEWEY CALL NUMBER (OCLC)
Classification number young adult fiction
Item number Johnson
100 1# - MAIN ENTRY--PERSONAL NAME
Personal name Johnson, Alaya Dawn,
Dates associated with a name 1982-
Relator term author.
9 (RLIN) 5880431
245 14 - TITLE STATEMENT
Title The library of broken worlds /
Statement of responsibility, etc Alaya Dawn Johnson.
250 ## - EDITION STATEMENT
Edition statement First edition.
263 ## - PROJECTED PUBLICATION DATE
Projected publication date 2306
264 #1 - Production, Publication, Distribution, Manufacture, and Copyright Notice.
Place of production, publication, distribution, manufacture New York :
Name of producer, publisher, distributor, manufacturer Scholastic Press,
Date of production, publication, distribution, manufacture, or copyr 2023.
264 #4 - Production, Publication, Distribution, Manufacture, and Copyright Notice.
Date of production, publication, distribution, manufacture, or copyr ©2023
300 ## - PHYSICAL DESCRIPTION
Extent pages cm
336 ## - Content Type
Content type term text
337 ## - Media type
Media type term unmediated
338 ## - Carrier type
Carrier type term volume
520 ## - SUMMARY, ETC.
Summary, etc Born in the Library, daughter of a Library god, Freida has spent her whole life exploring its ever-changing tunnels, and communing with its gods--but then she meets Joshua, a Tierran boy desperate to save his people, and Nergüi, disciple of a persecuted minority, and to help them she will risk everything.
521 ## - TARGET AUDIENCE NOTE
Target audience note Ages 14 and up.
Source Scholastic Press.
521 ## - TARGET AUDIENCE NOTE
Target audience note Grades 10-12.
Source Scholastic Press.
650 #0 - SUBJECT ADDED ENTRY--TOPICAL TERM
Topical term or geographic name as entry element Libraries
Form subdivision Juvenile fiction.
9 (RLIN) 5698338
650 #0 - SUBJECT ADDED ENTRY--TOPICAL TERM
Topical term or geographic name as entry element Gods
Form subdivision Juvenile fiction.
9 (RLIN) 5742373
650 #0 - SUBJECT ADDED ENTRY--TOPICAL TERM
Topical term or geographic name as entry element Sacrifice
Form subdivision Juvenile fiction.
9 (RLIN) 6372849
650 #0 - SUBJECT ADDED ENTRY--TOPICAL TERM
Topical term or geographic name as entry element Identity (Philosophical concept)
Form subdivision Juvenile fiction.
9 (RLIN) 5711883
650 #0 - SUBJECT ADDED ENTRY--TOPICAL TERM
Topical term or geographic name as entry element Identity (Psychology)
Form subdivision Juvenile fiction.
9 (RLIN) 5673925
650 #1 - SUBJECT ADDED ENTRY--TOPICAL TERM
Topical term or geographic name as entry element Fantasy.
650 #1 - SUBJECT ADDED ENTRY--TOPICAL TERM
Topical term or geographic name as entry element Libraries
Form subdivision Fiction.
9 (RLIN) 5676033
650 #1 - SUBJECT ADDED ENTRY--TOPICAL TERM
Topical term or geographic name as entry element Gods
Form subdivision Fiction.
9 (RLIN) 5700503
650 #1 - SUBJECT ADDED ENTRY--TOPICAL TERM
Topical term or geographic name as entry element Sacrifice
Form subdivision Fiction.
9 (RLIN) 6370798
650 #1 - SUBJECT ADDED ENTRY--TOPICAL TERM
Topical term or geographic name as entry element Identity
Form subdivision Fiction.
9 (RLIN) 5673896
650 #7 - SUBJECT ADDED ENTRY--TOPICAL TERM
Topical term or geographic name as entry element YOUNG ADULT FICTION / Science Fiction / General
Source of heading or term bisacsh
9 (RLIN) 5793353
650 #7 - SUBJECT ADDED ENTRY--TOPICAL TERM
Topical term or geographic name as entry element YOUNG ADULT FICTION / Diversity & Multicultural
Source of heading or term bisacsh
9 (RLIN) 6006569
655 #7 - INDEX TERM--GENRE/FORM
Genre/form data or focus term Fantasy fiction.
Source of term lcgft
776 08 - ADDITIONAL PHYSICAL FORM ENTRY
Display text Online version:
Main entry heading Johnson, Alaya Dawn, 1982-
Title Library of broken worlds
Edition First edition.
Place, publisher, and date of publication New York : Scholastic Press, 2023
International Standard Book Number 9781338290646
Record control number (DLC) 2023000425
942 ## - ADDED ENTRY ELEMENTS (KOHA)
Source of classification or shelving scheme Dewey Decimal Classification
Koha item type BOOK
Holdings
Withdrawn status Lost status Source of classification or shelving scheme Damaged status Not for loan Collection code Home library Current library Shelving location Date acquired Source of acquisition Total Checkouts Full call number Barcode Date last seen Date checked out Cost, replacement price Price effective from Koha item type
    Dewey Decimal Classification     Young Adult Fiction Wasatch County Library Wasatch County Library Main Floor Teen Area 06/22/2023 Micromarketing 2 YA Johnson 34301002031005 10/01/2024 10/01/2024 21.99 06/22/2023 BOOK
This project was made possible through a grant from the Institute of Museum and Library Service administered by the Utah State Library Division.

Wasatch County Library

  • 465 East 1200 South, Heber City, Utah 84032
  • Phone 435-654-1511 | Fax 435-654-6456

Hours

  • Monday - Friday 9:30 AM - 8:00 PM
  • Saturday 9:30 AM - 1:30 PM
  • Closed Sundays and Holidays